Poemas / (Record no. 166131)

MARC details
000 -LEADER
campo de control de longitud fija 01090nam a2200265 i 4500
001 - NÚMERO DE CONTROL
campo de control 166131
003 - IDENTIFICADOR DE NÚMERO DE CONTROL
campo de control ES-MaACL
005 - FECHA Y HORA DE LA ÚLTIMA TRANSACCIÓN
campo de control 20260306063017.0
008 - DATOS DE LONGITUD FIJA--INFORMACIÓN GENERAL
campo de control de longitud fija 971209s1883 sp a |||| | spa d
040 ## - FUENTE DE CATALOGACIÓN
Centro catalogador/agencia de origen NA
Lengua de catalogación spa
Centro/agencia transcriptor NA
100 1# - ENTRADA PRINCIPAL--NOMBRE DE PERSONA
Nombre de persona Tennyson, Alfred Tennyson,
Títulos y otros términos asociados al nombre Baron,
Fechas asociadas al nombre 1809-1892
9 (RLIN) 162209
245 10 - MENCIÓN DEL TÍTULO
Título Poemas /
Mención de responsabilidad, etc. de Alfredo Tennyson ; puestos en castellano por Vicente de Arana ; é ilustrados con dibujos originales de José Riudavets.
260 ## - PUBLICACIÓN, DISTRIBUCIÓN, ETC.
Lugar de publicación, distribución, etc. Barcelona :
Nombre del editor, distribuidor, etc. C. Verdaguer,
Fecha de publicación, distribución, etc. 1883.
300 ## - DESCRIPCIÓN FÍSICA
Extensión XXII, 302 p. :
Otras características físicas il. ;
Dimensiones 21 cm.
490 1# - MENCIÓN DE SERIE
Mención de serie Biblioteca Verdaguer
505 8# - NOTA DE CONTENIDO CON FORMATO
Nota de contenido con formato Contiene: Enoch Arden ; Gareth y Lynette ; Merlin y Bibiana ; La Reina Ginebra ; Dora ; La Maya
530 ## - NOTA DISPONIBLE DE FORMULARIO FÍSICO ADICIONAL
Nota de formato físico adicional disponible Disponible en formato digital.
700 0# - ENTRADA AGREGADA--NOMBRE PERSONAL
Nombre de persona Arana, Vicente de.
9 (RLIN) 22254
700 1# - ENTRADA AGREGADA--NOMBRE PERSONAL
Nombre de persona Riudavets, José María (
Fechas asociadas al nombre 1840-1902)
9 (RLIN) 131844
830 0# - PUNTO DE ACCESO ADICIONAL DE SERIE-TÍTULO UNIFORME
Título uniforme Biblioteca Verdaguer
9 (RLIN) 188206
852 ## - LOCALIZACIÓN
Ubicación ES-MaACL
Número de control de estantería B-738
Nota libre -- Enc. tela
856 ## - LOCALIZACIÓN Y ACCESO ELECTRÓNICOS
Identificador Uniforme de Recursos <a href="http://bdh-rd.bne.es/viewer.vm?id=0000193939&page=1 ">http://bdh-rd.bne.es/viewer.vm?id=0000193939&page=1 </a>
Nota pública Biblioteca Digital Hispánica
Holdings
Estatus retirado Estado de pérdida Estado de daño No para préstamo Colección Biblioteca de origen Biblioteca actual Ubicación en estantería Fecha de adquisición Fuente de adquisición Total de préstamos Signatura topográfica completa Código de barras Visto por última vez Precio de reemplazo Tipo de ítem Koha
        Colección digital Biblioteca del Ateneo de Madrid Biblioteca del Ateneo de Madrid Sala Pardo Bazán 17/01/2008     B-738 1174227 23/02/2023 23/02/2023 Libro impreso antiguo